[Event "Kathmandu op"]
[Site "Kathmandu"]
[Date "2018.04.15"]
[Round "5"]
[White "Shrestha, Kamal"]
[Black "Shrestha, Rajendra Prasad"]
[Result "1/2-1/2"]
[WhiteElo "2094"]
[BlackElo "1822"]
[PlyCount "60"]
[EventDate "2018.04.13"]
[EventType "swiss"]
[EventRounds "9"]
[EventCountry "NEP"]
[SourceTitle "CBM 183 Extra"]
[Source "ChessBase"]
[SourceDate "2018.04.19"]
[SourceVersion "1"]
[SourceVersionDate "2018.04.19"]
[SourceQuality "1"]

1. e4 e6 2. d4 d5 3. Nc3 dxe4 4. Nxe4 Nd7 5. Nf3 Ngf6 6. Bg5 Be7 7. Bxf6 Nxf6 8. Bd3 0-0 9. Qe2 Nd5 10. 0-0 Nf4 11. Qd2 Nxd3 12. Qxd3 b6 13. Rfe1 Bb7 14. Rad1 Qd5 15. c4 Qf5 16. Re3 Rfd8 17. Ng3 Qxd3 18. Rexd3 c5 19. dxc5 Bxf3 20. gxf3 Rxd3 21. Rxd3 Bxc5 22. Ne4 Be7 23. Rd7 Kf8 24. Rb7 f5 25. Nc3 Bf6 26. Na4 Bd4 27. Rd7 Bf6 28. b3 Ke8 29. Rb7 Bd4 30. f4 Kd8 1/2-1/2

[Event "Kathmandu op"]
[Site "Kathmandu"]
[Date "2018.04.14"]
[Round "3"]
[White "Shrestha, Kamal"]
[Black "Prince, Bajaj"]
[Result "0-1"]
[WhiteElo "2094"]
[BlackElo "2409"]
[PlyCount "57"]
[EventDate "2018.04.13"]
[EventType "swiss"]
[EventRounds "9"]
[EventCountry "NEP"]
[SourceTitle "CBM 183 Extra"]
[Source "ChessBase"]
[SourceDate "2018.04.19"]
[SourceVersion "1"]
[SourceVersionDate "2018.04.19"]
[SourceQuality "1"]

1. e4 c5 2. Nf3 e6 3. d4 cxd4 4. Nxd4 Nc6 5. Nc3 Qc7 6. Be3 a6 7. Qd2 Nf6 8. 0-0-0 Be7 9. f3 0-0 10. g4 b5 11. g5 Ne8 12. Nxc6 dxc6 13. h4 e5 14. h5 Be6 15. g6 b4 16. Na4 Rd8 17. Bd3 c5 18. Qf2 c4 19. Be2 b3 20. axb3 cxb3 21. Nc3 Rb8 22. gxh7+ Kxh7 23. Rd5 Nf6 24. Bd3 Rfc8 25. Qg3 bxc2 26. Rg1 Ne8 27. Rxe5 Qb7 28. Nb5 axb5 29. Qf2 0-1